| 000 | 00515 a2200157 4500 | ||
|---|---|---|---|
| 020 | _a8183760767 | ||
| 020 | _a9788183760768 | ||
| 082 | _a620.106 | ||
| 090 |
_c625 _d625 |
||
| 100 | 1 | _aSrivastava, V.K. | |
| 245 | 1 | 0 |
_aQuantum theory and nuclear physics / _cV.K. Srivastava. |
| 260 |
_a[S.l.] : _bABD Publishers, _c2003 |
||
| 300 | _a1 v. (unpaged) | ||
| 942 |
_aSNS _cBK _k620.106 SUB |
||
| 999 |
_c29255 _d29255 |
||